[Event "Manresa op"]
[Site "?"]
[Date "1998.??.??"]
[Round "5"]
[White "Magem, J."]
[Black "Gonzalez, J."]
[Result "1/2-1/2"]
[WhiteElo "2540"]
[BlackElo "2385"]
[PlyCount "102"]
[EventDate "1998.??.??"]
[Source "www.chesslib.no"]
[SourceDate "2004.05.04"]

1. e4 e6 2. d4 d5 3. Nc3 Nf6 4. Bg5 Be7 5. e5 Ng8 6. Bxe7 Nxe7 7. f4 b6 8. Nf3 Qd7 9. Bb5 c6 10. Ba4 a5 11. a3 Ba6 12. Qd2 h5 13. Nd1 Bb5 14. Bb3 c5 15. Ne3 c4 16. Ba2 Nbc6 17. c3 Ba4 18. O-O g6 19. h3 b5 20. g4 Kd8 21. Ng5 Rf8 22. Nh7 Rh8 23. Nf6 Qa7 24. f5 hxg4 25. fxe6 fxe6 26. hxg4 Kc7 27. Ng2 b4 28. Nf4 Nd8 29. axb4 axb4 30. Bb1 g5 31. N4h5 Qb7 32. Nh7 Bd7 33. Rxa8 Qxa8 34. Qxg5 Ndc6 35. N5f6 bxc3 36. bxc3 Rb8 37. Nxd7 Kxd7 38. Qe3 Qa1 39. Bf5 Nxf5 40. Nf6+ Kc8 41. gxf5 Rb1 42. Rxb1 Qxb1+ 43. Kg2 Qxf5 44. Qg3 Qc2+ 45. Kg1 Qd1+ 46. Kg2 Qd2+ 47. Kf1 Qc1+ 48. Kg2 Qh6 49. Qg8+ Nd8 50. Qe8 Qd2+ 51. Kg1 Qe1+ 1/2-1/2

[Event "NED Ch"]
[Site "NED"]
[Date "1993.??.??"]
[Round "?"]
[White "Van Mil, Johannes A J"]
[Black "Ree, Hans"]
[Result "0-1"]
[WhiteElo "2435"]
[BlackElo "2445"]
[PlyCount "72"]
[EventDate "1993.06.??"]
[Source "www.chesslib.no"]
[SourceDate "2004.05.04"]

1. e4 e6 2. d4 d5 3. Nc3 Nf6 4. Bg5 Be7 5. e5 Ng8 6. Be3 b6 7. Nh3 Qd7 8. Nf4 g6 9. h4 h5 10. Bd3 Bb7 11. Qf3 Bb4 12. Nfe2 Ba6 13. Bxa6 Nxa6 14. O-O-O O-O-O 15. Kb1 Rf8 16. Bf4 Nh6 17. Qd3 Kb7 18. g3 Nf5 19. Ka1 Be7 20. a3 Rc8 21. b4 c6 22. Rb1 Nc7 23. a4 Ka8 24. Rb2 c5 25. dxc5 bxc5 26. b5 c4 27. Qf3 Ba3 28. Ra2 Bc5 29. Rd1 Rb8 30. Bg5 Rb7 31. Qf4 Rc8 32. Qxc4 Nxb5 33. Qd3 Nxc3 34. Qxc3 Bd4 35. Qxd4 Nxd4 36. Nxd4 Qc7 0-1

[Event "Krumbach Open"]
[Site "Krumbach"]
[Date "1991.??.??"]
[Round "2"]
[White "Kovalev, Andrei"]
[Black "Junge, Ralf"]
[Result "1-0"]
[WhiteElo "2520"]
[BlackElo "2335"]
[PlyCount "103"]
[EventDate "1991.03.??"]
[Source "www.chesslib.no"]
[SourceDate "2004.05.04"]

1. e4 e6 2. d4 d5 3. Nc3 Nf6 4. Bg5 Be7 5. e5 Ng8 6. Be3 b6 7. h4 h5 8. g4 g6 9. gxh5 Rxh5 10. Nf3 Ba6 11. Bxa6 Nxa6 12. Qd3 Nb4 13. Qe2 Qd7 14. a3 Nc6 15. O-O-O Na5 16. Qd3 Nc4 17. Ne2 Qb5 18. Qb3 Qxb3 19. cxb3 Nxe3 20. fxe3 c5 21. Rdg1 cxd4 22. exd4 Rf5 23. Rh3 Kd7 24. Kd2 Bf8 25. Kd3 Bh6 26. h5 gxh5 27. Rf1 Ke7 28. Ng3 Rf4 29. Nxh5 Re4 30. Ng1 Bg5 31. Ne2 Nh6 32. Rhf3 Nf5 33. Nhg3 Re3+ 34. Rxe3 Nxe3 35. Rg1 Rc8 36. Nh5 Bh6 37. Nf6 Nf5 38. Rf1 Ne3 39. Rh1 Nf5 40. Rh5 Rd8 41. Nc3 Kf8 42. Nb5 a6 43. Nc7 Kg7 44. Nxa6 Rc8 45. Nxd5 Bc1 46. Rxf5 exf5 47. Ne7 Ra8 48. Nc7 Ra7 49. Nxf5+ Kf8 50. Nb5 Ra5 51. a4 Bxb2 52. Kc4 1-0

[Event "Ponferrada Open"]
[Site "Ponferrada"]
[Date "1992.??.??"]
[Round "?"]
[White "Magem Badals, Jordi"]
[Black "Vega Holm, Fernando"]
[Result "1/2-1/2"]
[WhiteElo "2515"]
[BlackElo "2320"]
[PlyCount "55"]
[EventDate "1992.08.??"]
[Source "www.chesslib.no"]
[SourceDate "2004.05.04"]

1. e4 e6 2. d4 d5 3. Nc3 Nf6 4. Bg5 Be7 5. e5 Ng8 6. Be3 b6 7. Nf3 h5 8. h4 Nh6 9. Bxh6 Rxh6 10. Ne2 Ba6 11. Nf4 Bxf1 12. Kxf1 Qd7 13. Qe2 Nc6 14. g3 Na5 15. Kg2 Rh8 16. c3 g6 17. g4 hxg4 18. Ng5 Bxg5 19. hxg5 O-O-O 20. Rh6 Qa4 21. Rah1 Rhf8 22. b3 Qa3 23. Rh7 Nc6 24. Rg7 Ne7 25. Rhh7 Nf5 26. Rxf7 Rxf7 27. Rxf7 Qc1 28. Nxg6 1/2-1/2

[Event "Sevilla Open"]
[Site "Seville ESP"]
[Date "1990.??.??"]
[Round "?"]
[White "Campora, Daniel H"]
[Black "Gonzalez, JA."]
[Result "0-1"]
[WhiteElo "2520"]
[BlackElo "2310"]
[PlyCount "84"]
[EventDate "1990.??.??"]
[Source "www.chesslib.no"]
[SourceDate "2004.05.04"]

1. e4 e6 2. d4 d5 3. Nc3 Nf6 4. Bg5 Be7 5. e5 Ng8 6. Be3 b6 7. h4 Qd7 8. h5 Ba6 9. Qg4 Bf8 10. Nge2 Nc6 11. g3 Na5 12. Nc1 Bxf1 13. Kxf1 O-O-O 14. Nd3 Kb8 15. Rh3 Rc8 16. Kg1 Ne7 17. Ne2 Nf5 18. Bd2 Nc4 19. Bc3 c5 20. dxc5 bxc5 21. Qf4 Ka8 22. g4 Nh6 23. b4 Nb6 24. bxc5 Bxc5 25. a4 Be7 26. a5 Nc4 27. Rg3 Na3 28. Ne1 Rc4 29. Bd4 Nxc2 30. Nxc2 Rxc2 31. Nc3 Rc8 32. Nd1 Qb5 33. Nc3 Qc4 34. Kg2 Bg5 35. Qxg5 Qxd4 36. Rf1 R2xc3 37. Rxc3 Qxc3 38. Qxg7 Rg8 39. Qxh6 Rxg4+ 40. Kh2 Qxe5+ 41. Kh3 Rg8 42. Qxh7 Qg5 0-1

[Event "CUB-ch"]
[Site "Matanzas"]
[Date "1997.??.??"]
[Round "9"]
[White "Larduet, Carlos"]
[Black "Borges Mateos, Juan"]
[Result "1/2-1/2"]
[WhiteElo "2310"]
[BlackElo "2500"]
[PlyCount "31"]
[EventDate "1997.03.15"]
[Source "ChessBase"]

1. e4 e6 2. d4 d5 3. Nc3 Nf6 4. Bg5 Be7 5. e5 Ng8 6. h4 Bxg5 7. hxg5 Qxg5 8. Nh3 Qh6 9. Nb5 Na6 10. Qf3 Bd7 11. g3 g6 12. Nf4 Qg5 13. Qc3 Bc6 14. O-O-O h5 15. Kb1 Nh6 16. Qd2 1/2-1/2

[Event "Haifa ol (Men)"]
[Site "Haifa ISR"]
[Date "1976.??.??"]
[Round "7"]
[White "Levy, David N L"]
[Black "Westerinen, Heikki M J"]
[Result "1/2-1/2"]
[WhiteElo "2320"]
[BlackElo "2485"]
[PlyCount "53"]
[EventDate "1976.11.??"]
[Source "www.chesslib.no"]
[SourceDate "2004.05.04"]

1. e4 e6 2. d4 d5 3. Nc3 Nf6 4. Bg5 Be7 5. e5 Ng8 6. Be3 b6 7. Nf3 Qd7 8. Ne2 Ba6 9. c3 c5 10. Ng3 Bxf1 11. Nxf1 Nc6 12. Ng3 Rc8 13. O-O g6 14. h4 Na5 15. dxc5 bxc5 16. h5 Nc6 17. Re1 Rd8 18. Bf4 Bf8 19. Qd2 h6 20. hxg6 fxg6 21. Qd3 Kf7 22. Nh4 Nce7 23. Qf3 Kg7 24. Qg4 h5 25. Qh3 Re8 26. Bg5 Nf5 27. Ngxf5+ 1/2-1/2

[Event "CUB-ch sf"]
[Site "?"]
[Date "2000.??.??"]
[Round "?"]
[White "Pujols Carlos"]
[Black "Borges Mateos Juan"]
[Result "1-0"]
[WhiteElo "2307"]
[BlackElo "2435"]
[PlyCount "63"]
[EventDate "2000.??.??"]
[Source "www.chesslib.no"]
[SourceDate "2004.05.04"]

1. e4 e6 2. d4 d5 3. Nc3 Nf6 4. Bg5 Be7 5. e5 Ng8 6. Be3 b6 7. Bb5+ c6 8. Ba4 Bd7 9. Qg4 Kf8 10. Nf3 h5 11. Qh3 g6 12. g4 c5 13. Bxd7 Qxd7 14. O-O-O Nc6 15. Ne2 cxd4 16. Nexd4 Kg7 17. Rhg1 Nxd4 18. Nxd4 hxg4 19. Qxg4 Rh4 20. Qg3 Rc8 21. Kb1 Nh6 22. Bg5 Rh5 23. h4 Rh8 24. c4 Bc5 25. Bf6+ Kh7 26. Qf3 Nf5 27. Rg5 Rxg5 28. hxg5 Ng7 29. Nb3 d4 30. Nxc5 bxc5 31. Rh1+ Nh5 32. Rxh5+ 1-0

[Event "Kecskemet3"]
[Site "?"]
[Date "1991.??.??"]
[Round "4"]
[White "Yagupov Igor"]
[Black "Junge Ralf"]
[Result "1/2-1/2"]
[WhiteElo "2405"]
[BlackElo "2335"]
[PlyCount "58"]
[EventDate "1991.??.??"]
[Source "www.chesslib.no"]
[SourceDate "2004.05.04"]

1. e4 e6 2. d4 d5 3. Nc3 Nf6 4. Bg5 Be7 5. e5 Ng8 6. Bxe7 Nxe7 7. Qg4 O-O 8. Nf3 f5 9. Qf4 b6 10. h4 c5 11. h5 Nbc6 12. O-O-O a5 13. Kb1 Ba6 14. Bxa6 Rxa6 15. Ne2 c4 16. Rdg1 b5 17. g4 Ra7 18. Nh4 b4 19. h6 g6 20. gxf5 Nxf5 21. Qg4 Nxh4 22. Qxe6+ Raf7 23. Qxc6 Rxf2 24. Nc1 Kh8 25. Re1 Nf3 26. Qb7 Rf7 27. Qc6 Rf1 28. e6 Rxe1 29. exf7 Re4 1/2-1/2

[Event "Buenos Aires CAA ITT"]
[Site "Buenos Aires ARG"]
[Date "1996.??.??"]
[Round "5"]
[White "Bronstein, Luis M"]
[Black "Erbe, Javier"]
[Result "1-0"]
[WhiteElo "2415"]
[BlackElo "2315"]
[PlyCount "47"]
[EventDate "1996.??.??"]
[Source "www.chesslib.no"]
[SourceDate "2004.05.04"]

1. e4 e6 2. d4 d5 3. Nc3 Nf6 4. Bg5 Be7 5. e5 Ng8 6. Be3 Qd7 7. Nh3 b6 8. Nf4 Ba6 9. Bxa6 Nxa6 10. O-O c6 11. a4 Nc7 12. a5 b5 13. Na2 Na6 14. b3 Nh6 15. g4 f6 16. Nh5 O-O 17. exf6 Bxf6 18. g5 Bxd4 19. gxh6 Bxa1 20. Qxa1 e5 21. Qxe5 Rf7 22. Nxg7 c5 23. Qg3 d4 24. Ne6+ 1-0

[Event "Birseck"]
[Site "Birseck"]
[Date "1971.??.??"]
[Round "13"]
[White "Lehmann, Heinz G"]
[Black "Wade, Robert G"]
[Result "1/2-1/2"]
[WhiteElo "2420"]
[BlackElo "2310"]
[PlyCount "52"]
[EventDate "1971.10.02"]
[Source "www.chesslib.no"]
[SourceDate "2004.05.04"]

1. e4 e6 2. d4 d5 3. Nc3 Nf6 4. Bg5 Be7 5. e5 Ng8 6. Be3 b6 7. h4 h5 8. g3 Ba6 9. Bxa6 Nxa6 10. Nh3 g6 11. O-O Qd7 12. a4 c6 13. Ne2 Nc7 14. Qd2 Bf8 15. Bg5 Bh6 16. Nef4 Bxg5 17. Nxg5 Nh6 18. Rfd1 Kf8 19. a5 Kg7 20. Ra2 Nf5 21. Rda1 b5 22. a6 Rab8 23. Nd3 Na8 24. Nc5 Qe7 25. c3 Nb6 26. Qf4 Nd7 1/2-1/2

[Event "AUT Ch"]
[Site "Austria"]
[Date "1981.??.??"]
[Round "2"]
[White "Wittmann, Walter"]
[Black "Roth, Peter"]
[Result "1-0"]
[WhiteElo "2380"]
[BlackElo "2345"]
[PlyCount "83"]
[EventDate "1981.??.??"]
[Source "www.chesslib.no"]
[SourceDate "2004.05.04"]

1. e4 e6 2. d4 d5 3. Nc3 Nf6 4. Bg5 Be7 5. e5 Ng8 6. Be3 c5 7. dxc5 Nd7 8. Bb5 Qc7 9. Qd4 Kf8 10. Bxd7 Bxd7 11. Nf3 Rc8 12. b4 b6 13. cxb6 axb6 14. Nd1 Nh6 15. c3 Nf5 16. Qd3 f6 17. g4 Nxe3 18. Qxe3 Qc4 19. Rg1 Qe4 20. g5 Qxe3+ 21. fxe3 f5 22. a4 Kf7 23. Kd2 Ra8 24. Nb2 Ra7 25. Kc2 Rha8 26. Kb3 Bd8 27. Rgd1 Ke8 28. h4 Bc7 29. Ra2 Bc6 30. Rda1 b5 31. axb5 Rxa2 32. Rxa2 Rxa2 33. Kxa2 Bxb5 34. Nd4 Bf1 35. Nxe6 Bxe5 36. Kb3 Kd7 37. Nf4 Kc6 38. c4 Bxf4 39. exf4 dxc4+ 40. Nxc4 Be2 41. Ne3 g6 42. Kc3 1-0

[Event "CUB-ch"]
[Site "CUB"]
[Date "1995.??.??"]
[Round "13"]
[White "Pupo, Emilio"]
[Black "Borges Mateos, Juan"]
[Result "0-1"]
[WhiteElo "2320"]
[BlackElo "2400"]
[PlyCount "82"]
[EventDate "1995.??.??"]
[Source "ChessBase"]

1. e4 e6 2. d4 d5 3. Nc3 Nf6 4. Bg5 Be7 5. e5 Ng8 6. Be3 b6 7. Qg4 g6 8. h4 h5 9. Qg3 Qd7 10. Nf3 Ba6 11. Ng5 Bxf1 12. Kxf1 Nh6 13. f4 Nc6 14. a3 Nf5 15. Qf2 Bxg5 16. hxg5 O-O-O 17. g3 Na5 18. Rd1 Kb8 19. Kg2 Rc8 20. Rhe1 Nc4 21. Bc1 c5 22. b3 Na5 23. Ne2 Qb7 24. Bb2 Nc6 25. c3 Na5 26. Nc1 cxd4 27. cxd4 Rc7 28. Kh3 Qa6 29. Qe2 Qxe2 30. Rxe2 Rhc8 31. b4 Nc4 32. Na2 Nxb2 33. Rxb2 Rc2 34. Rd2 Nxd4 35. Rbxc2 Rxc2 36. Rxc2 Nxc2 37. a4 d4 38. b5 d3 39. Nc3 Ne3 40. Ne4 Nc4 41. Nf2 Nb2 0-1

[Event "Ch II"]
[Site "Matanzas Ch Cuba, II"]
[Date "1995.??.??"]
[Round "13"]
[White "Pupo, Emilio"]
[Black "Borges Mateos, Juan"]
[Result "0-1"]
[WhiteElo "2320"]
[BlackElo "2400"]
[PlyCount "82"]
[EventDate "1995.??.??"]
[Source "www.chesslib.no"]
[SourceDate "2004.05.04"]

1. e4 e6 2. d4 d5 3. Nc3 Nf6 4. Bg5 Be7 5. e5 Ng8 6. Be3 b6 7. Qg4 g6 8. h4 h5 9. Qg3 Qd7 10. Nf3 Ba6 11. Ng5 Bxf1 12. Kxf1 Nh6 13. f4 Nc6 14. a3 Nf5 15. Qf2 Bxg5 16. hxg5 O-O-O 17. g3 Na5 18. Rd1 Kb8 19. Kg2 Rc8 20. Rhe1 Nc4 21. Bc1 c5 22. b3 Na5 23. Ne2 Qb7 24. Bb2 Nc6 25. c3 Na5 26. Nc1 cxd4 27. cxd4 Rc7 28. Kh3 Qa6 29. Qe2 Qxe2 30. Rxe2 Rhc8 31. b4 Nc4 32. Na2 Nxb2 33. Rh2 Rc6 34. Rg2 Nd6 35. Rc1 Rc4 36. Ra1 Rc2 37. Rd1 Rf2 38. b5 Rc5 39. Nc3 Kc8 40. Ne2 Rc3 41. Rf1 Rd3 0-1

[Event "POL Ch 34th"]
[Site "Piotrkow Trybunalski"]
[Date "1977.02.18"]
[Round "5.1"]
[White "Adamski, Andrzej"]
[Black "Bednarski, Jacek B"]
[Result "1/2-1/2"]
[WhiteElo "2315"]
[BlackElo "2400"]
[PlyCount "80"]
[EventDate "1977.02.??"]
[Source "www.chesslib.no"]
[SourceDate "2004.05.04"]

1. e4 e6 2. d4 d5 3. Nc3 Nf6 4. Bg5 Be7 5. e5 Ng8 6. Be3 c5 7. dxc5 Nd7 8. Bb5 Qc7 9. Nf3 Bxc5 10. Bxc5 Qxc5 11. Qd4 b6 12. b4 Qc7 13. Nxd5 exd5 14. e6 Ngf6 15. exd7+ Bxd7 16. Bd3 O-O 17. O-O Rae8 18. Rfe1 Qc8 19. Nh4 Rxe1+ 20. Rxe1 Re8 21. Kf1 h6 22. Rxe8+ Qxe8 23. Nf5 Bxf5 24. Bxf5 Qe7 25. f3 Qd6 26. g3 g6 27. Bd3 Qe6 28. Kf2 h5 29. a3 Nd7 30. c4 dxc4 31. Bxc4 Qh3 32. Kg1 Qf5 33. Qe4 Qxe4 34. fxe4 Ne5 35. Be2 Kg7 36. Kf2 Kf6 37. Ke3 Ke6 38. h4 Kd6 39. Bb5 Ke6 40. Be2 f6 1/2-1/2

[Event "ARG-ch"]
[Site "Buenos Aires"]
[Date "1975.??.??"]
[Round "2"]
[White "Bronstein, Luis Marcos"]
[Black "Casas, Ernesto"]
[Result "1-0"]
[WhiteElo "2355"]
[BlackElo "2360"]
[PlyCount "73"]
[EventDate "1975.??.??"]
[Source "ChessBase"]

1. e4 e6 2. d4 d5 3. Nc3 Nf6 4. Bg5 Be7 5. e5 Ng8 6. Be3 b6 7. Qg4 g6 8. Nh3 Ba6 9. Bxa6 Nxa6 10. Qe2 Nb8 11. Qb5+ Qd7 12. Qe2 Nc6 13. a3 h5 14. O-O Nh6 15. Bxh6 Rxh6 16. Qe3 Bf8 17. Rfd1 Ne7 18. Ne2 Nf5 19. Qb3 Be7 20. c4 g5 21. cxd5 Qxd5 22. Qxd5 exd5 23. Rac1 O-O-O 24. Rc3 Kb7 25. Rf3 g4 26. Rxf5 gxh3 27. Rxf7 Bf8 28. Rc1 Rc6 29. Rxc6 Kxc6 30. Nf4 hxg2 31. Ne6 Re8 32. Nxf8 Kb5 33. Rxc7 Rxf8 34. e6 Re8 35. e7 Ka4 36. f4 Kb3 37. f5 1-0

[Event "Martinez Acosta B"]
[Site "Martinez Acosta B"]
[Date "1995.??.??"]
[Round "?"]
[White "Craig, Thomas"]
[Black "Frank, Mario Alberto"]
[Result "1/2-1/2"]
[WhiteElo "2385"]
[BlackElo "2310"]
[PlyCount "42"]
[EventDate "1995.??.??"]
[Source "www.chesslib.no"]
[SourceDate "2004.05.04"]

1. e4 e6 2. d4 d5 3. Nc3 Nf6 4. Bg5 Be7 5. e5 Ng8 6. Bxe7 Nxe7 7. Qg4 O-O 8. Nf3 c5 9. Bd3 f5 10. exf6 Rxf6 11. Qh5 Rh6 12. Qg5 c4 13. Be2 Nbc6 14. O-O Rb8 15. b3 b5 16. bxc4 bxc4 17. Rab1 Rxb1 18. Rxb1 Qa5 19. Qd2 Nf5 20. h3 Rf6 21. a4 Rf8 1/2-1/2

[Event "Hoogovens-B"]
[Site "Wijk aan Zee NED"]
[Date "1973.01.??"]
[Round "3"]
[White "Van der Weide, Piet"]
[Black "Bednarski, Jacek B"]
[Result "1/2-1/2"]
[WhiteElo "2290"]
[BlackElo "2400"]
[PlyCount "32"]
[EventDate "1973.01.??"]
[Source "www.chesslib.no"]
[SourceDate "2004.05.04"]

1. e4 e6 2. d4 d5 3. Nc3 Nf6 4. Bg5 Be7 5. e5 Ng8 6. Be3 c5 7. Nf3 cxd4 8. Nxd4 Nc6 9. f4 Nh6 10. Bd3 O-O 11. Qe2 f6 12. O-O Bd7 13. f5 Nxd4 14. Bxd4 fxe5 15. Qxe5 Bf6 16. Qf4 Nxf5 1/2-1/2

[Event "Kreuzberg"]
[Site "Berlin GER"]
[Date "1991.??.??"]
[Round "5"]
[White "Pedzich, Dominik"]
[Black "Marschner, Juergen"]
[Result "1/2-1/2"]
[WhiteElo "2400"]
[BlackElo "2280"]
[PlyCount "202"]
[EventDate "1991.??.??"]
[Source "www.chesslib.no"]
[SourceDate "2004.05.04"]

1. e4 e6 2. d4 d5 3. Nc3 Nf6 4. Bg5 Be7 5. e5 Ng8 6. Be3 b6 7. h4 h5 8. Be2 g6 9. Qd2 Ba6 10. Bf3 Nc6 11. b3 Qd7 12. Nge2 O-O-O 13. O-O-O Kb8 14. Kb2 Bf8 15. Bg5 Rc8 16. Nf4 Be7 17. g4 hxg4 18. Bxg4 Bxg5 19. hxg5 Nge7 20. Rh6 Rhf8 21. Rh7 Na5 22. Kb1 c6 23. Rg7 Rc7 24. Rh1 c5 25. dxc5 bxc5 26. Rhh7 d4 27. Nd1 Qb5 28. Rxf7 Rxf7 29. Rxf7 Nc4 30. Qe1 Na3+ 31. Kc1 c4 32. Rf8+ Bc8 33. Nxe6 cxb3 34. Nxc7 Kxc7 35. axb3 Bxg4 36. Rf7 Kd8 37. Qh1 Qc6 38. Qxc6 Nxc6 39. f4 Bf5 40. Kb2 Nb5 41. Rf6 Kc7 42. Nf2 Ne7 43. Nd3 Nd5 44. Rf7+ Kc6 45. e6 Nbc7 46. e7 Kd6 47. Ne5 Nxe7 48. Nc4+ Kd7 49. Ne5+ Ke8 50. Rh7 Ned5 51. Nc6 Ne6 52. Rxa7 Ndxf4 53. b4 d3 54. cxd3 Nxd3+ 55. Kc3 Nxb4 56. Kxb4 Nxg5 57. Kc5 Kf8 58. Ne5 Ne4+ 59. Kd4 Nd6 60. Kd5 Ne4 61. Nc6 Nf6+ 62. Kd6 Ne4+ 63. Ke5 Nc5 64. Ne7 Nd7+ 65. Kd6 Nf6 66. Nc6 Nd7 67. Nd4 Nf6 68. Nf3 Nd7 69. Nh4 Nf6 70. Nf3 Nd7 71. Ng5 Kg7 72. Ke7 Ne5 73. Ne6+ Kh6 74. Nd4 Kg5 75. Kf8 Kf4 76. Kg7 Ke4 77. Nb5 Kd5 78. Kf6 Nd7+ 79. Kg5 Ne5 80. Nc3+ Kc4 81. Ne2 Nd7 82. Ng3 Nc5 83. Kf4 Nd3+ 84. Ke3 Nc5 85. Ne2 Kd5 86. Ra5 Kc4 87. Nf4 Kb4 88. Ra8 Kc4 89. Ra1 Kb5 90. Rc1 Nb3 91. Rc3 Nc5 92. Nd5 Na4 93. Rc1 Nc5 94. Ne7 Ne6 95. Nc6 Kb6 96. Rc3 Kb5 97. Ne7 Kb6 98. Rc6+ Kb5 99. Rd6 Nc5 100. Rd5 Kc4 101. Re5 Kb5 1/2-1/2

[Event "Novi Sad ol (Men)"]
[Site "Novi Sad YUG"]
[Date "1990.??.??"]
[Round "10"]
[White "Moutousis, Konstantinos"]
[Black "Gonzalez, JA."]
[Result "1-0"]
[WhiteElo "2395"]
[BlackElo "2275"]
[PlyCount "107"]
[EventDate "1990.11.??"]
[Source "www.chesslib.no"]
[SourceDate "2004.05.04"]

1. e4 e6 2. d4 d5 3. Nc3 Nf6 4. Bg5 Be7 5. e5 Ng8 6. Bxe7 Nxe7 7. f4 b6 8. Nf3 Qd7 9. Qd2 Ba6 10. Bxa6 Nxa6 11. O-O c5 12. Ne2 Nc7 13. c3 a5 14. Rab1 O-O 15. Kh1 f5 16. Rg1 c4 17. h3 b5 18. a3 Rfb8 19. g4 b4 20. Ng3 bxa3 21. bxa3 Rb3 22. gxf5 Nxf5 23. Nh5 Kh8 24. Rbc1 Rab8 25. Qe1 Qf7 26. Ng3 h6 27. Nxf5 Qxf5 28. Qg3 Ne8 29. Rg2 Rxa3 30. Kh2 Rab3 31. Nh4 Qf7 32. Rcc2 Nc7 33. Rcf2 Rg8 34. f5 Rbb8 35. fxe6 Qh5 36. Ng6+ Kh7 37. Ne7 Nxe6 38. Nxg8 Rxg8 39. Qf3 Qxf3 40. Rxf3 Ng5 41. Re3 Ne6 42. Ra2 Ra8 43. Re1 Ng5 44. Rea1 Rb8 45. Rxa5 Rb2+ 46. Kg3 Ne4+ 47. Kf4 Nxc3 48. Re1 Rf2+ 49. Ke3 Rh2 50. e6 Kg6 51. Kf3 Ne4 52. Rxd5 Nf6 53. Rd6 Rxh3+ 54. Kg2 1-0

[Event "FRA Ch"]
[Site "Angers"]
[Date "1990.??.??"]
[Round "10"]
[White "Koch, Jean-Rene"]
[Black "Mercier, Jean-Pierre"]
[Result "1-0"]
[WhiteElo "2425"]
[BlackElo "2245"]
[PlyCount "129"]
[EventDate "1990.??.??"]
[Source "www.chesslib.no"]
[SourceDate "2004.05.04"]

1. e4 e6 2. d4 d5 3. Nc3 Nf6 4. Bg5 Be7 5. e5 Ng8 6. Be3 b6 7. Qg4 g6 8. h4 h5 9. Qg3 Ba6 10. Bxa6 Nxa6 11. Nf3 Nb4 12. Rc1 Qd7 13. O-O Bf8 14. Bg5 Bg7 15. Qf4 Nh6 16. Rfd1 Nf5 17. a3 Nc6 18. Ne2 Na5 19. Ne1 Qb5 20. Nd3 c5 21. dxc5 bxc5 22. a4 Qb6 23. b4 cxb4 24. Rb1 O-O 25. Bf6 Rfc8 26. Rxb4 Qc7 27. Bxg7 Kxg7 28. Rc1 Nc6 29. Rb5 Qe7 30. c4 Qa3 31. Nb2 a6 32. Rb6 d4 33. c5 d3 34. Ng3 Nxg3 35. fxg3 d2 36. Qxd2 Qxg3 37. Nc4 Nxe5 38. Qd4 f6 39. Rb7+ Kh6 40. Nxe5 fxe5 41. Qd2+ Qf4 42. Qxf4+ exf4 43. c6 Re8 44. Rf7 Rf8 45. Rxf8 Rxf8 46. c7 Rc8 47. Kf2 g5 48. Kf3 Kg6 49. Ke4 gxh4 50. Ke5 Kg5 51. Kxe6 h3 52. gxh3 Kh4 53. Kd7 Rxc7+ 54. Kxc7 Kxh3 55. a5 h4 56. Kb6 f3 57. Kxa6 Kg2 58. Kb6 f2 59. a6 f1=Q 60. Rxf1 Kxf1 61. a7 h3 62. a8=Q Kg1 63. Qg8+ Kh1 64. Qd5+ Kg1 65. Qd4+ 1-0

[Event "Oberliga Nord W 9192"]
[Site "GER"]
[Date "1992.05.03"]
[Round "8.1"]
[White "Chochulski, Artur"]
[Black "Junge, Ralf"]
[Result "1-0"]
[WhiteElo "2290"]
[BlackElo "2375"]
[PlyCount "55"]
[EventDate "1991.10.??"]
[Source "www.chesslib.no"]
[SourceDate "2004.05.04"]

1. e4 e6 2. d4 d5 3. Nc3 Nf6 4. Bg5 Be7 5. e5 Ng8 6. Bxe7 Nxe7 7. Bd3 b6 8. Qg4 g6 9. Qf4 Ba6 10. Bxa6 Nxa6 11. Nf3 h6 12. h4 Qd7 13. a4 Nb4 14. Qd2 Nbc6 15. Nd1 Na5 16. b3 Nf5 17. Ne3 O-O-O 18. h5 Nxe3 19. Qxe3 g5 20. Nh2 Qe7 21. Ng4 Qb4+ 22. Qd2 c5 23. Qxb4 cxb4 24. Rh3 Rd7 25. Rd1 Rc7 26. Rd2 Nc6 27. Rf3 Kb7 28. Rf6 1-0

[Event "Brasil op"]
[Site "?"]
[Date "2002.??.??"]
[Round "4"]
[White "Matsuura Everaldo"]
[Black "De Souza Haro Paulo Cezar"]
[Result "1-0"]
[WhiteElo "2420"]
[BlackElo "2231"]
[PlyCount "69"]
[EventDate "2002.??.??"]
[Source "www.chesslib.no"]
[SourceDate "2004.05.04"]

1. e4 e6 2. d4 d5 3. Nc3 Nf6 4. Bg5 Be7 5. e5 Ng8 6. Be3 b6 7. h4 h5 8. Qf3 Ba6 9. Qg3 g6 10. Bxa6 Nxa6 11. Nf3 Nh6 12. Bxh6 Rxh6 13. Ng5 Bxg5 14. hxg5 Rh8 15. Qf4 Rf8 16. O-O-O Qe7 17. f3 O-O-O 18. g4 hxg4 19. fxg4 Nb8 20. Rh7 Nc6 21. Ne2 Rd7 22. c3 Nd8 23. Rf1 c5 24. Qf6 Qxf6 25. gxf6 Nc6 26. Kd2 Kc7 27. Rfh1 Rdd8 28. Rg7 Rd7 29. Rhh7 c4 30. Nf4 Nb8 31. Ke3 b5 32. a3 a5 33. Kf3 Kd8 34. Nh3 Ke8 35. Ng5 1-0

[Event "Dubai op"]
[Site "Dubai"]
[Date "2001.04.23"]
[Round "8"]
[White "Al Argha, Hisham"]
[Black "Heidenfeld, Mark"]
[Result "1/2-1/2"]
[WhiteElo "2244"]
[BlackElo "2403"]
[PlyCount "20"]
[EventDate "2001.04.15"]
[Source "ChessBase"]
[SourceDate "2001.07.05"]

1. e4 e6 2. d4 d5 3. Nc3 Nf6 4. Bg5 Be7 5. e5 Ng8 6. Be3 b6 7. h4 h5 8. Be2 g6 9. Nf3 Nh6 10. Bxh6 Rxh6 1/2-1/2

[Event "Schwaebisch Gmuend op"]
[Site "Schwaebisch Gmuend"]
[Date "1997.??.??"]
[Round "5"]
[White "Schmenger, Felix"]
[Black "Dittmar, Peter"]
[Result "0-1"]
[WhiteElo "2255"]
[BlackElo "2390"]
[PlyCount "112"]
[EventDate "1997.??.??"]
[Source "www.chesslib.no"]
[SourceDate "2004.05.04"]

1. e4 e6 2. d4 d5 3. Nc3 Nf6 4. Bg5 Be7 5. e5 Ng8 6. Bxe7 Nxe7 7. f4 b6 8. Nf3 Qd7 9. g3 Ba6 10. Bh3 h5 11. Qd2 Nbc6 12. Nd1 g6 13. Ne3 O-O-O 14. b4 Nf5 15. Bxf5 gxf5 16. a4 Bc4 17. Kf2 h4 18. Nxh4 Rxh4 19. gxh4 Qe7 20. Ke1 Nxb4 21. Rg1 Qxh4+ 22. Qf2 Qh6 23. a5 Kb7 24. Ra4 c5 25. axb6 axb6 26. dxc5 bxc5 27. Nxc4 dxc4 28. Rg3 Qh5 29. Qe2 Qxe2+ 30. Kxe2 Rh8 31. c3 Rxh2+ 32. Kf1 Nd3 33. Rxc4 Rf2+ 34. Kg1 Rxf4 35. Rxf4 Nxf4 36. Rg7 Ne2+ 37. Kf2 Nxc3 38. Ke3 Kc6 39. Rxf7 Kd5 40. Kf4 Kd4 41. Rf8 Nd5+ 42. Kf3 Kxe5 43. Re8 c4 44. Kf2 Nf6 45. Rf8 Nd5 46. Re8 c3 47. Ke1 Nf4 48. Kd1 Kd4 49. Rf8 Nd5 50. Ra8 f4 51. Ra6 e5 52. Ra4+ Kd3 53. Ra5 Nb4 54. Ra4 f3 55. Ra8 f2 56. Rd8+ Ke3 0-1

[Event "10th TCh-Euro sen"]
[Site "Dresden GER"]
[Date "2008.02.16"]
[Round "6"]
[White "Petrushin, A1."]
[Black "Grabov, S."]
[Result "1/2-1/2"]
[WhiteElo "2426"]
[BlackElo "2214"]
[PlyCount "108"]
[EventDate "2008.02.11"]
[Source "www.chesslib.no"]
[SourceDate "2004.05.04"]

1. e4 e6 2. d4 d5 3. Nc3 Nf6 4. Bg5 Be7 5. e5 Ng8 6. Be3 b6 7. Qg4 g6 8. O-O-O Ba6 9. Bxa6 Nxa6 10. Qe2 Nb4 11. f4 h5 12. Nf3 Nh6 13. g3 Qd7 14. h3 O-O-O 15. Nd2 Nf5 16. Bf2 Rh7 17. Kb1 Kb7 18. Nb3 Na6 19. Qf3 c6 20. Ne2 Nc7 21. Rhf1 f6 22. g4 hxg4 23. hxg4 Ng7 24. exf6 Bxf6 25. Nbc1 Rdh8 26. Nd3 Nge8 27. Ne5 Bxe5 28. dxe5 c5 29. Ng3 Kb8 30. c4 Qf7 31. f5 gxf5 32. gxf5 d4 33. f6 Rh3 34. Ka1 Ng7 35. Rh1 Nf5 36. Nxf5 Rxh1 37. Rxh1 Rxh1+ 38. Qxh1 exf5 39. b3 Qg8 40. Qh5 Qg4 41. Qxg4 fxg4 42. Kb2 Kc8 43. Kc2 Kd7 44. Kd3 Ke6 45. Ke4 b5 46. Kf4 bxc4 47. bxc4 Na8 48. Kxg4 Nb6 49. Bg3 Nxc4 50. Bf4 d3 51. Kf3 a6 52. Ke4 d2 53. Bxd2 Nxd2+ 54. Kd3 Nf3 1/2-1/2